Statistics for Fast Typing to 200

Click here to take the quiz!

General Stats

  • This quiz has been taken 844 times
  • The average score is 151 of 200

Answer Stats

Number% Correct
1
100%
2
99%
3
99%
4
99%
5
99%
6
99%
7
99%
8
99%
9
99%
10
96%
11
96%
12
96%
17
95%
13
94%
14
94%
15
94%
16
94%
18
94%
21
94%
19
93%
20
93%
22
93%
23
92%
31
92%
24
91%
26
91%
28
91%
32
91%
25
90%
27
90%
29
90%
33
90%
34
90%
30
89%
35
89%
36
89%
37
88%
38
88%
39
88%
40
88%
41
88%
42
87%
43
87%
44
87%
45
87%
47
87%
48
87%
51
87%
52
87%
54
87%
55
87%
56
87%
61
87%
64
87%
46
86%
49
86%
50
86%
53
86%
57
86%
58
86%
59
86%
60
86%
62
86%
65
86%
67
86%
71
86%
76
86%
81
86%
63
85%
70
85%
72
85%
73
85%
74
85%
75
85%
77
85%
78
85%
80
85%
84
85%
86
85%
92
85%
66
84%
68
84%
69
84%
79
84%
82
84%
83
84%
85
84%
87
84%
88
84%
90
84%
91
84%
89
83%
93
83%
94
83%
97
83%
99
83%
100
82%
95
82%
96
82%
98
82%
101
81%
102
80%
103
80%
104
80%
105
79%
106
79%
107
79%
108
79%
109
79%
110
79%
111
79%
112
78%
113
78%
119
78%
120
78%
123
78%
114
77%
115
77%
116
77%
117
77%
118
77%
121
77%
124
77%
125
75%
126
75%
127
75%
128
75%
129
75%
122
74%
130
74%
131
74%
133
73%
132
72%
134
72%
140
72%
141
72%
135
71%
136
71%
137
71%
139
71%
138
70%
142
69%
143
67%
144
67%
145
67%
150
67%
146
66%
147
66%
148
65%
149
65%
151
65%
155
64%
152
63%
153
63%
154
63%
156
62%
158
61%
160
61%
157
60%
159
60%
161
60%
162
58%
163
57%
164
57%
165
56%
166
56%
167
55%
171
54%
168
53%
170
53%
169
51%
172
50%
175
49%
176
49%
177
49%
180
49%
173
48%
174
48%
178
48%
181
48%
182
47%
179
46%
188
46%
190
46%
191
46%
200
46%
183
45%
184
45%
199
45%
185
44%
186
44%
187
44%
189
44%
192
43%
196
42%
197
42%
198
42%
193
41%
194
41%
195
41%

Score Distribution

Percentile by Number Answered

Percent of People with Each Score

Your Score History

You have not taken this quiz